000 00582nam a22001817a 4500
003 UA-OsUOA
001 15687
007 ta
008 20031202b un ||||| |||| 00| 0 ukr d
100 _aЦимбалюк Є.
942 _cSA
040 _aUA-OsUOA
_cUA-OsUOA
_dUA-OsUOA
245 _aМістечко з якого "не тягне" додому : [Про студент. містечко Остроз. академії]
300 _aС.6
955 _a0
773 0 _w0
_tВільне слово
_dРівне
_d2003
_g№90/12 лист./
650 7 _aАкадемії
_2UDC
999 _c301852
_d301852